Pokémon par couleur : bleu - Statistiques

Statistiques générales
  • Ce quiz a été pris 71 fois
  • Le résultat moyen est 16 sur 20
Statistiques - réponses
Par images Réponse % Correct
Akwakwak
100%
Aligatueur
100%
Altaria
100%
Amagara
100%
Amonistar
100%
Amonita
100%
Amphinobi
100%
Aquali
100%
Artikodin
100%
Bekaglaçon
100%
Carabaffe
100%
Carabing
100%
Carapagos
100%
Carapuce
100%
Chovsourir
100%
Créfadet
100%
Crocrodil
100%
Darumacho
100%
Draby
100%
Draco
100%
Feunard d'Alola
100%
Flingouste
100%
Flobio
100%
Flotajou
100%
Fulguris
100%
Galvagla
100%
Givrali
100%
Grenousse
100%
Griknot
100%
Hexagel
100%
Hyporoi
100%
Hypotrempe
100%
Kaiminus
100%
Kaimorse
100%
Karaclée
100%
Kyogre
100%
Laggron
100%
Latios
100%
Léviator
100%
Lixy
100%
Loupio
100%
Lucario
100%
Luxio
100%
Manaphy
100%
Maraiste
100%
Marill
100%
Méditikka
100%
Métang
100%
Miaouss d'Alola
100%
Minidraco
100%
Nidorina
100%
Nirondelle
100%
Nodulithe
100%
Obalie
100%
Okéoké
100%
Ortide
100%
Otaquin
100%
Persian d'Alola
100%
Phanpy
100%
Phogleur
100%
Pingoléon
100%
Ptitard
100%
Qulbutoké
100%
Ramboum
100%
Regice
100%
Sablaireau d'Alola
100%
Scarhino
100%
Solochi
100%
Suicune
100%
Tartard
100%
Tentacool
100%
Tentacruel
100%
Tiplouf
100%
Tortank
100%
Trioxhydre
100%
Xerneas
100%
Gobou
90%
Eoko
89%
Carchacrok
88%
Couaneton
88%
Drattak
88%
Moustillon
88%
Mystherbe
88%
Nidoran
88%
Arakdo
83%
Barbicha
83%
Brouhabam
83%
Diamat
83%
Lanturn
83%
Métalosse
83%
Nidoqueen
83%
Sharpedo
83%
Terhal
83%
Wailmer
83%
Charkos
80%
Coatox
80%
Cosmog
80%
Ecayon
80%
Hypocéan
80%
Luxray
80%
Maskadra
80%
Météno
80%
Prismillon
80%
Riolu
80%
Sepiatroce
80%
Zacian
80%
Axoloto
75%
Bleuseille
75%
Coquiperl
75%
Cradopaud
75%
Croâporal
75%
Lokhlass
75%
Mistigrix
75%
Morphéo
75%
Prinplouf
75%
Dialga
71%
Serpang
71%
Azumarill
67%
Babimanta
67%
Bouldeneu
67%
Clamiral
67%
Cobaltium
67%
Cotovol
67%
Hélédelle
67%
Krakos
67%
Luminéon
67%
Mateloutre
67%
Saquedeneu
67%
Séracrawl de Hisui
67%
Wailord
67%
Hydragla
63%
Lewsor
63%
Rhinolove
63%
Carmache
60%
Charmilly
60%
Cosmovum
60%
Mégapagos
60%
Necrozma Ailes de L'Aurore
60%
Ohmassacre
60%
Sepiatop
60%
Flotoutan
57%
Géolithe
57%
Lampéroie
57%
Froussardine
50%
Gamblast
50%
Larvadar
50%
Séracrawl
50%
Têtarte
50%
Tylton
50%
Lézargus
43%
Prédastérie
43%
Arrozard
40%
Gigalithe
40%
Minisange
40%
Oratoria
40%
Clamiral de Hisui
33%
Dodoala
33%
Kranidos
33%
Tritonde
33%
Tritosor
33%
Grelaçon
25%
Batracné
20%
Crapustule
20%
Phione
20%
Azurill
0%
Dragmara
0%
Larméléon
0%
Lucanon
0%
Nigosier
0%
Ortalette
0%
Sancoki
0%
Vorastérie
0%
Aucun quiz correspondant
Distribution des résultats
% des personnes avec chaque résultat
Percentile par nombre de réponses
Votre historique - résultats
Vous n’avez pas pris ce quiz